| 000 | 00924nam a2200205 a 4500 | ||
|---|---|---|---|
| 008 | 120416s1997 ||||||||||||||||| || u | ||
| 020 | _a8120315006 | ||
| 050 | _aTJ 1180.A2 Kib | ||
| 100 | _aKibbe, Richard R | ||
| 245 | 1 | 0 | _aMachine tool practices |
| 250 | _a6th ed. | ||
| 260 |
_aNew Delhi _bPrentice-Hall of India _c1997 |
||
| 300 | _aviii ;822p. ; ill. | ||
| 350 | _a0.00 | ||
| 650 | 7 |
_aTECHNOLOGY _2fast |
|
| 650 | _aMACHINE--TOOLS | ||
| 995 |
_aMAIN LIBRARY OPEN ACCESS _D0.00 _e732407 _FCBU-MAIN LIBRARY (Kitwe) _H3 _I50.00 _jTJ 1180.A2 Kib _M3 _UAVAILABLE _y44582 _ZMain Library Open Access Collection |
||
| 995 |
_aBINDERY (DAMAGED) _D0.00 _e732408 _FCBU-MAIN LIBRARY (Kitwe) _H1 _I50.00 _jTJ 1180.A2 Kib _M1 _UDAMAGED _y44584 _ZMain Library Open Access Collection |
||
| 995 |
_aMAIN LIBRARY OPEN ACCESS _D0.00 _e732406 _FCBU-MAIN LIBRARY (Kitwe) _H2 _I50.00 _jTJ 1180.A2 Kib _M2 _UAVAILABLE _y44579 _ZMain Library Open Access Collection |
||
| 999 |
_c82274 _d82274 |
||